| 000 | 00567nam a22001817i 4500 | ||
|---|---|---|---|
| 999 |
_c22859 _d22859 |
||
| 003 | AR-CdUCM | ||
| 008 | 240502b20162016pe ||||| |||| 00| 0 spa d | ||
| 020 | _a978-612-47306-0-3 | ||
| 040 |
_aMUNICIPALIDAD PROVINCIAL DEL CUSCO _cBIBLIOTECA MUNICIPAL DEL CUSCO |
||
| 041 | _hspa | ||
| 082 |
_a869.56 / Z38C _bZ38C |
||
| 100 |
_aZárate Agama, Rubén Alex _949676 |
||
| 245 | _aCódigo y Sendero / | ||
| 260 |
_aLima : _bGrupo Editorial Zafiro de Macckeey Soto Aguirre, _c2016. |
||
| 300 |
_a114 páginas. : _c21cm. |
||
| 942 |
_2ddc _cLIBROS |
||
| 945 |
_apbj _d2024-05-02 |
||